000 00436nam a2200181Ia 4500
001 7523
005 20260306160501.0
008 260306t2012||||xx |||||||||||||| ||spa||
041 _aESP
082 _a339
_bS23
100 _aSánchez Campilo, José
_eAUT
245 0 _aMacroeconomía:
_bcuestiones y ejercicios
260 _c2012
300 _a448 páginas :
_c24 cm.
650 _aGEN
654 _aCAN
942 _cLIB
_dJUS
_fJUS
_2ddc
_n
999 _c7523
_d7523